000 00632nam a2200181Ia 4500
008 090630s9999 xx 000 0 und d
082 _b59
100 _aउपकोलकर ग. वि.
245 _aमादा मेरी क्युरी.
_cउपकोलकर ग. वि.
260 _bकॉन्टीनेंटल.
300 _a150
600 _aउपकोलकर ग. वि.
630 _aमादा मेरी क्युरी.
655 _aचरित्र.
700 _aउपकोलकर ग. वि.
730 _aमादा मेरी क्युरी.
942 _cBOOK
999 _c251915
_d251915